000 00237nam a2200097Ia 4500
008 190216s9999||||xx |||||||||||||| ||und||
100 _aKustheth Thove
245 0 _aChemical Engineering
260 _bKerala Basha Inst
942 _cBK
999 _c38130
_d38130